000 00693cam a2200193 a 4500
001 000003400
005 20200929150429.0
008 870422s1987 pr a b 001 0dspa
040 _aDO-SdBNP
_bspa
_cBNPHU
082 _aC860.4
_bC575D
100 1 _aDíaz Quiñones, Arcadio
_910597
245 1 0 _aCintio Vitier :
_bla memoria integradora /
_cArcadio Díaz Quinones.
260 _aSan Juan, Puerto Rico :
_bSin Nombre,
_c1987.
300 _a167 p. :
_bil. ;
_c20 cm.
500 _a"Conversaciones con Cintio Vitier, 1979-1980": p. 83-167.
504 _aBibliografía: p. 75-81.
600 1 0 _aVITIER, CINTIO,
_d1921-
_xCRÍTICA E INTERPRETACIÓN
_910598
650 0 _aAutores cubanos
_ySIGLO XX
_910599
999 _c3230
_d3230